| 000 | 01127nam a2200325 a 4500 | ||
|---|---|---|---|
| 001 | 000110011 | ||
| 003 | CHAP | ||
| 005 | 20220329144114.0 | ||
| 008 | 140620s2012 mx | |r| |||1|||spa|d | ||
| 010 | _a106473 | ||
| 011 | _a107445 | ||
| 020 | _a9786074510454 | ||
| 040 | _cCHAP | ||
| 082 | 0 | 4 |
_a378.103072 _bB89 |
| 100 | 1 |
_aBrunet Icart, Ignasi _9127381 |
|
| 245 | 3 |
_aLa vinculación en el sistema de educación superior de México / _cpor Ignasi Brunet Icart, Carlos Alberto Santamaría Velasco y Eduardo Calderón Cuevas. |
|
| 260 | 3 |
_aMéxico, D.F. : _bFundación Educación Superior-Empresa _bANUIES, _c2012. |
|
| 300 | _a385 p. | ||
| 590 |
_aBATCH-UPD _b05 _c20140620 _lUCH01 _h0955 |
||
| 590 |
_aE792CSJ _b05 _c20140620 _lUCH01 _h0954 |
||
| 650 | 1 | 4 |
_aEducación continua _zMéxico. _9125494 |
| 650 | 1 | 4 |
_aEducacion superior _zMéxico. _935406 |
| 650 | 1 | 4 |
_aNegocios y educación _zMéxico. _9127384 |
| 650 | 1 | 4 |
_aVinculación Universidad-Empresa. _9119835 |
| 700 | 1 |
_aCalderón Cuevas, Eduardo _9127383 |
|
| 700 | 1 |
_aSantamaría Velasco, Carlos Alberto _9127382 |
|
| 901 | _aBK | ||
| 942 | _cLIBRO | ||
| 942 | _n0 | ||
| 999 |
_c106473 _d106473 |
||